Т. 1; Основы общей химии

গ্রন্থ-পঞ্জীর বিবরন
Parent link:Основы общей химии: в 3 т./ Б. В. Некрасов. Т. 1.— 2-е изд., стер..— , 1969
ভাষা:রুশ
প্রকাশিত: 1969
বিষয়গুলি:
বিন্যাস: গ্রন্থ
KOHA link:https://koha.lib.tpu.ru/cgi-bin/koha/opac-detail.pl?biblionumber=59222

MARC

LEADER 00000nam2a2200000 4500
001 59222
005 20231101211809.0
035 |a (RuTPU)RU\TPU\book\62594 
035 |a RU\TPU\book\46536 
090 |a 59222 
100 |a 20031223d1969 m y0rusy50 ca 
101 0 |a rus 
102 |a RU 
105 |a a j 001zy 
200 0 |a Т. 1 
210 |d 1969 
215 |a 518 с.  |c черт. 
320 |a Предм. указ.: с. 490-518. 
461 1 |0 (RuTPU)RU\TPU\book\277898  |t Основы общей химии  |o в 3 т.  |f Б. В. Некрасов  |v Т. 1  |e 2-е изд., стер.  |d 1969 
606 1 |a Химия общая  |2 stltpush  |3 (RuTPU)RU\TPU\subj\67862  |9 83510 
610 1 |a атомно-молекулярная теория 
610 1 |a воздух 
610 1 |a химические элементы 
610 1 |a кислород 
610 1 |a химическое строение 
610 1 |a водород 
610 1 |a вода 
610 1 |a химические растворы 
610 1 |a периодическая система элементов 
610 1 |a учебные пособия 
675 |a 54(075.8)  |v 3 
801 1 |a RU  |b 63413507  |c 20021126  |g PSBO 
801 2 |a RU  |b 63413507  |c 20201016  |g PSBO 
942 |c BK